000 00322 a2200121 4500
001 ART_39600
005 20260410162000.0
008 260409a
245 1 0 _aAmérica Latina
100 1 _aGarcia, Domingo
700 1 _aScotti, Sonia L.
773 0 _tPropuestas
_g- Año 3, Nº 6 (dic. 1997)
_wREV28258
999 _c31220
_d31220